000 00819nam0a22002651 4500
001 rc\471374
005 20030616172429.9
010 _a5-7355-0045-7
_99500
035 _a(NLR Aleph) 005715052
090 _a7418560
_c7418560
100 _a20030616d1988 u |0rusy50 ca
101 0 _arus
102 _aRU
105 _aa |||||||||
200 1 _aТехнология окрашивания судов
210 _aЛ.
_cСудостроение
_d1988
215 _a175, [1] с.
_cил.
_d22
320 _aБиблиогр.: с. 174 (10 назв.)
700 1 _aИскра
_bЕ. В.
_gЕвгений Васильевич
701 1 _aЛуковский
_bА. М.
_gАркадий Михайлович
801 0 _aRU
_bNLR
_gpsbo
801 1 _aRU
_bELAR
_2rusmarc
852 _aNLR
_j88-5/3947
942 _cBOOK
980 _aNB